000 01095cad a22001935a 4500
001 L154437
008 111130s2011 xxk f 000 0 eng d
035 _a(Sirsi) u154437
041 0 _aeng
110 2 _aUnited Kingdom
_bDepartment for Environment, Food and Rural Affairs
245 0 0 _aWritten ministerial statement on marine conservation zones
_h[electronic resource]
260 _aLondon
_bDEFRA
_c2011
520 _aA network of national protected areas in British seas is being created as part of the government's commitment to implement in full the provisions of the Marine and Coastal Access Act. In English waters the network will comprise European Marine Sites, Sites of Special Scientific Interest and sites designated under the Ramsar Convention and Marine Conservation Zones.
590 _aKA
651 4 _aUnited Kingdom
_y
690 _aPROPERTY-RURAL AND NATURAL ASSETS-RURAL AND NATURAL ASSET MANAGEMENT-COASTAL MANAGEMENT
856 4 0 _uhttps://www.defra.gov.uk/news/2011/11/15/wms-marine-conservation-zones/
_zView the item free of charge at www.defra.gov.uk
942 _n0
999 _c112988
_d112988